Accounting Standards (Record no. 1756)

MARC details
000 -LEADER
fixed length control field 00420nam a22001697a 4500
005 - DATE AND TIME OF LATEST TRANSACTION
control field 20210901141056.0
008 - FIXED-LENGTH DATA ELEMENTS--GENERAL INFORMATION
fixed length control field 160525b xxu||||| |||| 00| 0 eng d
020 ## - INTERNATIONAL STANDARD BOOK NUMBER
ISBN 81-259-0977-x
041 ## - LANGUAGE CODE
Language code of text/sound track or separate title eng
082 ## - DEWEY DECIMAL CLASSIFICATION NUMBER
Item number 5015
Classification number 657
100 ## - MAIN ENTRY--AUTHOR NAME
Personal name Maheshwari, S.N. and S.K.
245 ## - TITLE STATEMENT
Title Accounting Standards
260 ## - PUBLICATION, DISTRIBUTION, ETC. (IMPRINT)
Place of publication New Delhi
Name of publisher Academic Faundation
Year of publication 2003
300 ## - PHYSICAL DESCRIPTION
Number of Pages 4.135
650 ## - SUBJECT ADDED ENTRY--TOPICAL TERM
Topical Term 250.00
942 ## - ADDED ENTRY ELEMENTS (KOHA)
Koha item type Books
Holdings
Lost status Damaged status Home library Current library Shelving location Date acquired Cost, normal purchase price Full call number Accession Number Koha item type Collection code
    JRU Library JRU Library Shelf - 13- D 25/05/2016 250.00 657 5015 Books  
    JRU Library   SHELF-30-D 25/05/2016 250.00 657 5016 Books Reference
    JRU Library   SHELF-32-A 25/05/2016 250.00 657 5017 Books LAW
    JRU Library JRU Library SHELF-70 B 25/05/2016 250.00 657 5018 Books Reference